000
00302nam a22001337a 4500
008
180123b xxu||||| |||| 00| 0 eng d
020
_a
9780942702446
041
_a
eng
080
_a
332
100
_a
19
101
_a
SHP
245
_a
From Conflict to Peace Building
_c
Connolly, P
942
_2
udc
_c
BK
999
_c
40752
_d
40752